书目信息 |
| 题名: |
日语能力考试一级 (N1) 重要词汇日英例解
|
|
| 作者: | 张淑英 , 孙文君 主编 | |
| 分册: | ||
| 出版信息: | 武汉 华中科技大学出版社 2015.8 |
|
| 页数: | 434页 | |
| 开本: | 26cm | |
| 丛书名: | ||
| 单 册: | ||
| 中图分类: | H363 | |
| 科图分类: | ||
| 主题词: | 日语--ri yu--词汇--水平考试--自学参考资料 | |
| 电子资源: | ||
| ISBN: | 978-7-5609-9487-1 | |
| 000 | 01085nam0 2200277 450 | |
| 001 | 0100004794 | |
| 005 | 20151105145134.6 | |
| 010 | @a978-7-5609-9487-1@dCNY58.00 | |
| 100 | @a20150916d2015 em y0chiy0121 ea | |
| 101 | 0 | @achi |
| 102 | @aCN@b420000 | |
| 105 | @ay a 000yy | |
| 106 | @ar | |
| 200 | 1 | @a日语能力考试一级 (N1) 重要词汇日英例解@Ari yu neng li kao shi yi ji (N1) zhong yao ci hui ri ying li jie@e日·汉·英三语详解@f主编张淑英, 孙文君 |
| 210 | @a武汉@c华中科技大学出版社@d2015.8 | |
| 215 | @a434页@d26cm | |
| 320 | @a有书目 (第434页) | |
| 330 | @a本书依据最新的日语能力测试出题基准而执笔编写, 是应对日语能力测试的必备参考书。本书第一次实现了日语/英语/汉语三语全解, 这一点是其他图书不可比拟的, 弥补了国内外日语界出版图书的一大空白。 | |
| 333 | @a日语学习人员 | |
| 517 | 1 | @a日·汉·英三语详解@Ari ·han ·ying san yu xiang jie |
| 606 | 0 | @a日语@Ari yu@x词汇@x水平考试@j自学参考资料 |
| 690 | @aH363@v5 | |
| 701 | 0 | @a张淑英@Azhang shu ying@4主编 |
| 701 | 0 | @a孙文君@Asun wen jun@4主编 |
| 801 | 0 | @aCN@c20160515 |
| 905 | @a河南城建学院图书馆@dH363@eZ178 | |
| 日语能力考试一级 (N1) 重要词汇日英例解:日·汉·英三语详解/主编张淑英, 孙文君.-武汉:华中科技大学出版社,2015.8 |
| 434页;26cm |
| 使用对象:日语学习人员 |
| ISBN 978-7-5609-9487-1:CNY58.00 |
| 本书依据最新的日语能力测试出题基准而执笔编写, 是应对日语能力测试的必备参考书。本书第一次实现了日语/英语/汉语三语全解, 这一点是其他图书不可比拟的, 弥补了国内外日语界出版图书的一大空白。 |
| ● |
| 相关链接 |
|
|
|
正题名:日语能力考试一级 (N1) 重要词汇日英例解
索取号:H363/Z178
 
预约/预借
| 序号 | 登录号 | 条形码 | 馆藏地/架位号 | 状态 | 备注 |
| 1 | 1253810 | 212538100 | 语言库209/209语言库 127排2列2层/ [索取号:H363/Z178] | 在馆 | |
| 2 | 1253811 | 212538119 | 语言库209/209语言库 127排2列2层/ [索取号:H363/Z178] | 在馆 | |
| 3 | 1253812 | 212538128 | 语言库209/209语言库 127排2列2层/ [索取号:H363/Z178] | 在馆 |